Management of the Sales Force (Record no. 314)

MARC details
005 - DATE AND TIME OF LATEST TRANSACTION
control field 20250311072543.0
020 ## - INTERNATIONAL STANDARD BOOK NUMBER
International Standard Book Number 0-256-01570-8
082 ## - DEWEY DECIMAL CLASSIFICATION NUMBER
Classification number 658.81 STA
100 ## - MAIN ENTRY--PERSONAL NAME
Author name STANTON, W. J.
245 ## - TITLE STATEMENT
Title Management of the Sales Force
250 ## - EDITION STATEMENT
Edition statement 4th Ed.
260 ## - PUBLICATION, DISTRIBUTION, ETC.
Place of publication, distribution, etc. London
Name of publisher, distributor, etc. Richard D. Irwin
Date of publication, distribution, etc. 1974
300 ## - PHYSICAL DESCRIPTION
Extent xv, 790p., ill., figure, table, map
Other physical details Index
Dimensions 23cm
700 ## - ADDED ENTRY--PERSONAL NAME
Other authors/Editors BUSKIRK, R. H
942 ## - ADDED ENTRY ELEMENTS (KOHA)
Source of classification or shelving scheme Dewey Decimal Classification
Koha item type Books
Holdings
Date last seen Total checkouts Full call number Barcode Cost, replacement price Price effective from Koha item type Lost status Source of classification or shelving scheme Damaged status Not for loan Withdrawn status Home library Current library Shelving location Date acquired Cost, normal purchase price
03/11/2025   658.81 STA 0000001356 60000.00 03/11/2025 Books   Dewey Decimal Classification       College of Business Education Main Library College of Business Education Main Library General Collection 03/11/2025 20000.00